| 000 | 01075cam a2200301 a 4500 | ||
|---|---|---|---|
| 001 | 3102835 | ||
| 003 | EG-ScBUE | ||
| 005 | 20220210094131.0 | ||
| 008 | 990309s2000 nyu f b 000 1 eng d | ||
| 020 | _a9780316926607 | ||
| 020 | _a0316926604 | ||
| 040 |
_aDLC _beng _erda _cDLC _dDLC _dEG-ScBUE |
||
| 082 | 0 | 4 |
_a823.912 _222 _bWAU |
| 100 | 1 |
_aWaugh, Evelyn, _d1903-1966, _eauthor. _930739 |
|
| 245 | 1 | 4 | _aThe Complete stories of Evelyn Waugh. |
| 264 | 1 |
_aNew York : _bLittle, Brown and Company, _c2000. |
|
| 300 |
_a611 pages ; _c24 cm |
||
| 336 |
_2rdacontent _atext _btxt |
||
| 337 |
_2rdamedia _aunmediated _bn |
||
| 338 |
_2rdacarrier _avolume _bnc |
||
| 504 | _aIncludes bibliographical references. | ||
| 650 | _2BUEsh | ||
| 651 | 7 |
_aEngland _xSocial life and customs _y20th century _vFiction. _2BUEsh _930740 |
|
| 653 |
_cJuly2012 _bHHUUEENN |
||
| 655 |
_vReading book _934232 |
||
| 942 |
_2ddc _cBB |
||
| 999 |
_c16907 _d16907 |
||